LEADER 01444nam 2200385 450 001 000016262 005 20050718115600.0 010 $a0-521-24762-4 100 $a20030905d1985----km-y0itay0103----ba 101 0 $aeng 102 $aGB 200 1 $aIntroduction to the construction of class fields$fHarvey Cohn 210 $aCambridge [etc.]$cCambridge University Press$d1985 215 $aX, 213 p.$d24 cm. 225 2 $aCambridge studies in advanced mathematics$v6 410 0$12001$aCambridge studies in advanced mathematics 606 $aTeoria dei campi 676 $a512.3$v(21. ed.)$9Algebra, teoria dei numeri. Corpi (campi) 691 $a11R37$9Number theory. Algebraic number theory: global fields. Class field theory 691 $a12-XX$9Field theory and polynomials 700 1$aCohn,$bHarvey$0341857 801 0$aIT$bUniversità della Basilicata - B.I.A.$gRICA$2unimarc 912 $a000016262 996 $aIntroduction to the construction of class fields$982421 997 $aUNIBAS BAS $aMONSCI BAS $aSCIENZE CAT $aEXT002$b01$c20030905$lBAS01$h1327 CAT $c20050601$lBAS01$h1755 CAT $abatch$b01$c20050718$lBAS01$h1053 CAT $c20050718$lBAS01$h1112 CAT $c20050718$lBAS01$h1142 CAT $c20050718$lBAS01$h1156 FMT Z30 -1$lBAS01$LBAS01$mBOOK$1BASA5$ADipartimento Matematica$2GEN$BCollezione generale$3MAT$665751$5S65751$820030905$f51$FRiservati